Macromolecular symposia 226 : Polimer chemistry, reactions and processes
Papers related to key invited lectures given at the World Polymer Congress "Macro 2004", covering polycondensation, polyaddition, chain polymerization, catalytic polymerization, functionalization, as well as polymer preparation in dispersed and unconventional media.
Gardado en:
| Autor Principal: | |
|---|---|
| Formato: | Libro |
| Idioma: | Undetermined |
| Publicado: |
Weinheim (Germany)
Wiley-VCH Verlag HmbH
2005
|
| Những chủ đề: | |
| Các nhãn: |
Engadir etiqueta
Sen Etiquetas, Sexa o primeiro en etiquetar este rexistro!
|
| Thư viện lưu trữ: | Trung tâm Học liệu Trường Đại học Cần Thơ |
|---|
| LEADER | 00942nam a2200229Ia 4500 | ||
|---|---|---|---|
| 001 | CTU_100570 | ||
| 008 | 210402s9999 xx 000 0 und d | ||
| 020 | |c 3199000 | ||
| 082 | |a 547.7 | ||
| 082 | |b D313 | ||
| 100 | |a Deffieux, A. | ||
| 245 | 0 | |a Macromolecular symposia 226 : | |
| 245 | 0 | |b Polimer chemistry, reactions and processes | |
| 245 | 0 | |c A. Deffieux, C. Pichot and F. Candau | |
| 260 | |a Weinheim (Germany) | ||
| 260 | |b Wiley-VCH Verlag HmbH | ||
| 260 | |c 2005 | ||
| 520 | |a Papers related to key invited lectures given at the World Polymer Congress "Macro 2004", covering polycondensation, polyaddition, chain polymerization, catalytic polymerization, functionalization, as well as polymer preparation in dispersed and unconventional media. | ||
| 650 | |a Polymerization,Polymers,Macromolecules | ||
| 650 | |x Congresses,Congresses,Congresses | ||
| 904 | |i Giang | ||
| 980 | |a Trung tâm Học liệu Trường Đại học Cần Thơ | ||